000 01110nam0a22002891 4500
001 rc\928871
005 20041129095346.1
035 _a(NLR Aleph) 006102331
090 _a5272102
_c5272102
100 _a20041129d1982 u |0rusy50 ca
101 0 _arus
102 _aRU
105 _aa |||||||||
200 1 _aСинтез монокристаллического минерального сырья
_f[О.П. Комаров, Е.В. Дикк, В.Е. Хаджи и др.]
_gПод ред. А.А. Шапошникова, Ю.М. Путилина
210 _aМ.
_cНедра
_d1982
215 _a117 с.
_cил.
_d21
300 _aАвт. указаны в огл.
300 _aВ надзаг.: ВНИИ синтеза минер. сырья
320 _aБиблиогр.: с. 113-115 (50 назв.)
701 1 _aКомаров
_bО. П.
702 1 _aШапошников
_bА. А.
_4340
712 0 2 _aВНИИ синтеза минерального сырья
_3RU\NLR\AUTH\889952363
801 0 _aRU
_bNLR
_gpsbo
801 1 _aRU
_bELAR
_2rusmarc
852 _aNLR
_j83-5/655
942 _cBOOK
980 _aNB